000 00254nam a22001217a 4500
008 170609b xxu||||| |||| 00| 0 eng d
041 _aeng
080 _a324
100 _a19
101 _aSHP
245 _aBEYOND VOTING
_cHARKER, D.F
942 _2udc
_cBK
999 _c16707
_d16707